00572nam a2200181 a 45000010010000000030011000100080041000210350026000620820016000881000017001042450059001212600056001806500017002369420012002539520090002659980020003559990015003750000-9063ELIB.Books110520 1958  a(ELIB.Books)0000-9212 a225.7 bMor aMorris, Leon aTyndale (The First Epistle of Paul to the Corinthians) bGrand Rapids: Wm. B. Eerdmans Publishing Co. c1958 aCommentaries 2ddccBK 00102ddc4070aKBTSbKBTSd2011-05-20l0p2819r2022-01-22 00:00:00w2022-01-22yBK cbate2011-05-20 c9063d9063